|
|
|
|
| LEADER |
00955nab a2200229 i 4500 |
| 001 |
publ29412 |
| 005 |
20240125095113.0 |
| 008 |
240125s2020 hu o 000 Angol d |
| 022 |
|
|
|a 2520-3401
|
| 024 |
7 |
|
|a 10.24989/ocg.v.338.10
|2 doi
|
| 024 |
7 |
|
|a 31408597
|2 mtmt
|
| 040 |
|
|
|a SZTE Publicatio Repozitórium
|b hun
|
| 041 |
|
|
|a Angol
|
| 100 |
1 |
|
|a Kardos Vivien
|
| 245 |
1 |
0 |
|a Insight into the perception of personal data among law students
|h [elektronikus dokumentum] /
|c Kardos Vivien
|
| 260 |
|
|
|c 2020
|
| 300 |
|
|
|a 125-134
|
| 490 |
0 |
|
|a Central and Eastern European eDem and eGov Days
|v 338
|
| 650 |
|
4 |
|a Jogtudomány
|
| 856 |
4 |
0 |
|u http://publicatio.bibl.u-szeged.hu/29412/1/INSIGHTINTOTHEPERCEPTIONOFPERSONALDATAAMONGLAWSTUDENTS_VK.pdf
|z Dokumentum-elérés
|
| 856 |
4 |
0 |
|u http://publicatio.bibl.u-szeged.hu/29412/3/31408597_tartalom.pdf
|z Dokumentum-elérés
|
| 856 |
4 |
0 |
|u http://publicatio.bibl.u-szeged.hu/29412/4/31408597_c%C3%ADmlap.jpg
|z Dokumentum-elérés
|